000 00384 a2200145 4500
001 169231
020 _a
040 _cMagnum
100 _aLima, Leonardo Pereira
240 1 0 _aPratica de psicologia moderna - v.5 - saude fisica e psiquica
_lpor
245 1 0 _aPratica de psicologia moderna - v.5 - saude fisica e psiquica
362 0 _a1899
697 _aPSICOLOGIA
942 _cBK
999 _c169231
_d169231